000 01018nam a22002297a 4500
003 AM-YeHGA
005 20250617153149.0
008 170711b ru ||||| |||| 00| 0 rus d
040 _aAM-YeHGA
041 0 _arus
100 1 _aДохман, Генриетта Исааковна
245 1 0 _aЭкспериментально-фитоценологические основы исследования злаково-бобовых сообитаний /
_cГ.И. Дохман; АН СССР, Моск. о-во испытателей природы.
260 _aМосква :
_bНаука,
_c1979.
300 _a199 с., 1 л. карт. :
_bкарт.
504 _aБиблиогр.: с. 190-198
653 0 _aБобовые травы
653 0 _aЗлаковые травы
653 0 _aФитоценозы травянистые
710 2 _aАкадемия наук СССР.
_bМосковское общество испытателей природы
942 _2udc
_cBK
090 _c387571
999 _c385598
_d385598